Francis Sidney Low correspondence, (Record no. 44476)

MARC details
000 -LEADER
fixed length control field 01187cpcaa22002657a 4500
001 - CONTROL NUMBER
control field mm 98006408
003 - CONTROL NUMBER IDENTIFIER
control field DLC
005 - DATE AND TIME OF LATEST TRANSACTION
control field 20260227111727.0
008 - FIXED-LENGTH DATA ELEMENTS--GENERAL INFORMATION
fixed length control field 981106|||||||||||| eng
010 ## - LIBRARY OF CONGRESS CONTROL NUMBER
LC control number mm 98006408
040 ## - CATALOGING SOURCE
Original cataloging agency DLC
Transcribing agency DLC
Modifying agency DLC
Description conventions dacs
072 #7 - SUBJECT CATEGORY CODE
Subject category code W
Source lcmd
100 1# - MAIN ENTRY--PERSONAL NAME
Personal name Low, Francis Sidney.
245 00 - TITLE STATEMENT
Title Francis Sidney Low correspondence,
Inclusive dates 1861.
300 ## - PHYSICAL DESCRIPTION
Extent 1
Type of unit item.
506 0# - RESTRICTIONS ON ACCESS NOTE
Terms governing access Open to research.
520 8# - SUMMARY, ETC.
Summary, etc. ALS (1861 April 18; National Hotel, Washington, D.C.) from Low to his son discussing preparations in Washington, D.C., in case of attack by Confederate sympathizers and rumors that the sympathizers had torn up railroad tracks near Baltimore, Maryland.
546 ## - LANGUAGE NOTE
Language note Collection material in English.
580 ## - LINKING ENTRY COMPLEXITY NOTE
Linking entry complexity note Forms part of: Miscellaneous Manuscripts collection.
651 #0 - SUBJECT ADDED ENTRY--GEOGRAPHIC NAME
Geographic name Baltimore (Md.)
General subdivision History
Chronological subdivision Civil War, 1861-1865.
651 #0 - SUBJECT ADDED ENTRY--GEOGRAPHIC NAME
Geographic name United States
General subdivision History
Chronological subdivision Civil War, 1861-1865
General subdivision Transportation.
651 #0 - SUBJECT ADDED ENTRY--GEOGRAPHIC NAME
Geographic name Washington (D.C.)
General subdivision History
Chronological subdivision Civil War, 1861-1865.

No items available.

Powered by Koha